| 000 | 00955nam a2200265 a 4500 | ||
|---|---|---|---|
| 001 | 38647 | ||
| 003 | BD-RjUL | ||
| 005 | 20211209052832.0 | ||
| 008 | 761025s1924 enkcfh b 000 0 eng | ||
| 035 | _a(BD-RjUL)38755 | ||
| 040 |
_aDLC _cNOC _dNOC _dOCL _dBD-RjUL _beng |
||
| 041 | _aeng | ||
| 082 |
_223 _a297.14 _bZWL1924 |
||
| 100 | 1 |
_aZwemer, Samuel Marinus, _d1867-1952. _9223266 |
|
| 245 | 1 | 4 |
_aThe law of apostasy in Islam : _banswering the question why there are so few Moslem converts, and giving examples of their moral courage and martyrdom / _cby Samuel M. Zwemer. |
| 260 |
_aLondon ; _bMarshall Brothers, _c[1924] |
||
| 300 |
_a164 p. : _bill. ; _c22 cm. |
||
| 504 | _aIncludes bibliographical references. | ||
| 650 | 0 |
_aIslam _xMissions. _9223268 |
|
| 650 | 0 |
_aChristianity and other religions _xIslam. _9223269 |
|
| 650 | 0 |
_aApostasy (Islamic law) _998598 |
|
| 650 | 0 |
_aIslam _xDoctrines _9223270 |
|
| 942 |
_2ddc _cRAR |
||
| 999 |
_c38647 _d38647 |
||